Statistics for If The Western Hemisphere Disappeared...

Click here to take the quiz!

General Stats

  • This quiz has been taken 751 times
  • The average score is 37 of 60

Answer Stats

CategoryAnswer% Correct
Banana productionChina
95%
# of bird speciesChina
95%
Most biodiverseChina
95%
# of bird speciesIndia
93%
Coffee productionIndia
93%
Banana productionIndia
93%
Most biodiverseIndia
93%
# of bird speciesIndonesia
92%
Coffee productionIndonesia
92%
Most biodiverseIndonesia
92%
Banana productionIndonesia
92%
Most biodiverseAustralia
90%
Movie theaters per capitaAustralia
90%
# of bird speciesDR Congo
83%
Homicide rateSouth Africa
79%
Crime rateSouth Africa
79%
Suicide rateSouth Africa
79%
Largest African diasporaGermany
76%
Largest Mexican diasporaGermany
76%
Largest Mexican diasporaFrance
75%
Largest African diasporaFrance
75%
Most precipitationMalaysia
75%
Largest Mexican diasporaItaly
73%
Largest African diasporaItaly
73%
Coffee productionVietnam
73%
Most inflatedTurkey
71%
Most inflatedIran
70%
Homicide rateNigeria
70%
Banana productionPhilippines
67%
Largest African diasporaSaudi Arabia
67%
Coffee productionEthiopia
65%
Most biodiversePapua New Guinea
63%
Most precipitationPapua New Guinea
63%
Crime ratePapua New Guinea
63%
# of bird speciesTanzania
63%
Homicide rateIraq
61%
Movie theaters per capitaSweden
61%
Homicide rateMyanmar
55%
Movie theaters per capitaNorway
55%
Crime rateSyria
53%
Crime rateAfghanistan
50%
Suicide rateZimbabwe
50%
Most inflatedZimbabwe
50%
Largest Mexican diasporaNetherlands
47%
Largest African diasporaYemen
47%
Most inflatedSudan
46%
Crime rateAngola
45%
Coffee productionUganda
42%
Most inflatedLebanon
34%
Largest Mexican diasporaSwitzerland
34%
Banana productionCameroon
31%
Movie theaters per capitaEstonia
29%
Homicide rateLesotho
27%
Suicide rateLesotho
27%
Suicide rateEswatini
24%
Movie theaters per capitaArmenia
22%
Most precipitationSolomon Islands
17%
Suicide rateMicronesia
13%
Most precipitationTuvalu
13%
Most precipitationSão Tomé and Príncipe
8%

Score Distribution

Percentile by Number Answered

Percent of People with Each Score

Your Score History

You have not taken this quiz